Statistiques concernant Membres originaux des équipes Marvel #3 (spécial Futur du MCU)

Cliquez ici pour prendre le quiz!

Statistiques générales

  • Ce quiz a été pris 67 fois
  • Le résultat moyen est 4 sur 20

Statistiques - réponses

HintRéponse% Correct
Hawkeye (Kate Bishop)
74%
Moon Knight
43%
Citizen V (Baron Zemo)
34%
Ghost Rider II (Danny Ketch)
31%
Ils étaient à la base un rassemblement
de vilains profitant de la récente disparition
des Vengeurs et des Quatre Fantastiques
pour se faire passer pour des héros.
Ghost Rider (Johnny Blaze)
31%
Contenait également :
- Louise Hastings
- Sam Buchanan
- Victoria Montesi
- Frank Drake
- Vengeance (Frank Badilino)
- Caretaker
- Jack Russell
- Modred le mystique
Docteur Strange
30%
Blade
28%
Stature
23%
Wiccan
23%
Hulkling
18%
IronLad
18%
Morbius (It's Morbin time !)
16%
Songbird (Screaming Mimi)
16%
Patriot
15%
Atlas (Goliath)
10%
Météorite (Opale)
10%
Techno (Le Fixer)
8%
Frère Vaudou
7%
Hannibal King
7%
Mach-1 (Le Scarabée)
5%

Distribution des résultats

Percentile par nombre de réponses

% des personnes avec chaque résultat

Votre développement - résultats

Vous n’avez pas pris ce quiz